Segunda Asamblea Jeneral de la Unión Católica de Chile. En 1§, 2, 3 y 5 de noviembre de 1885

Gespeichert in:
Bibliographische Detailangaben
Körperschaft: Unión Católica de Chile (VerfasserIn)
Format: Buch
Sprache:Spanisch
Veröffentlicht: Santiago Imprenta Victoria 1885
Ausgabe:1a. ed
Schlagworte:
Tags: Tag hinzufügen
Keine Tags, Fügen Sie den ersten Tag hinzu!

MARC

LEADER 00000nam a2200000 a 4500
001 UCJ6272
003 CL-VaPUC
005 20250103100403.0
008 070124e18850000CL |||||||||||||||||spa|d
999 |c 322380  |d 322378 
040 |c Pontificia Universidad Católica de Valparaíso 
082 0 4 |a 282  |b UNI  |2 21 
110 2 |a Unión Católica de Chile  |e author  |9 512710 
245 1 0 |a Segunda Asamblea Jeneral de la Unión Católica de Chile. En 1§, 2, 3 y 5 de noviembre de 1885 
250 |a 1a. ed 
260 |a Santiago  |b Imprenta Victoria  |c 1885 
300 |a 544 p 
583 |a last modification  |c 20070124 00:00:00  |k Rodrigo Vera 
600 0 |a León XIII  |9 310697 
600 0 7 |a CIFUENTES, ABDON  |2 CL-VaPUC  |9 345269 
600 0 |a Jara, Ramón Ángel  |d 1852-1917  |9 857941 
650 0 |a Acción católica  |9 257808 
650 0 |a Iglesia Católica  |9 256114 
650 0 |a Documentos pontificios   |9 255642 
650 0 |a Discursos   |9 265028 
650 7 |a PATRONATO  |2 CL-VaPUC  |9 459478 
650 7 |a CEMENTERIOS LAICOS  |2 CL-VaPUC  |9 508371 
650 7 |a LEYES LAICAS  |2 CL-VaPUC  |9 440345 
852 |a BIBCUR 
942 |c BK  |2 ddc 
945 |d 20070124 00:00:00  |a rinostro 
952 |0 0  |1 0  |4 0  |6 282_000000000000000_UNI_1885  |7 0  |8 X  |9 401356  |a FDOBUD  |b FDOBUD  |d 2019-11-22  |i 1045970  |o 282 UNI 1885  |p 1045970  |r 2019-11-22  |w 2019-11-22  |y BK_X  |k BUD